Ace Attorney Characters Perceived By Apollo’s Bracelet - Statistics

General Stats
  • This quiz has been taken 94 times
  • The average score is 14 of 17
Answer Stats
Game Statement Answer % Correct
Apollo Justice "Surely, you aren't going to suggest I was responsible for poisoning her father, too?" Kristoph Gavin
98%
Apollo Justice "I saw nothing. The late Mr. LeTouse's body was behind a wall." Lamiroir
97%
Apollo Justice "I saw it when Wright hit him. With my own eyes, I saw it.” Olga Orly
92%
Spirit Of Justice "Don't worry, I'm fine! I need to stay strong for my fans!" Trucy Wright
89%
Apollo Justice "Why would I go to the clinic now for a half-year-old chart?" Alita Tiala
87%
Dual Destinies "Hugh is a gifted student. He gets outstanding grades and never causes trouble." Juniper Woods
85%
Apollo Justice "Ergo! I used my cell phone to call the police." Wesley Stickler
85%
Apollo Justice "He says that because the lyrics are in English, he does not understand them." Machi Tobaye
84%
Dual Destinies "That's all he said before he passed out in his chair." Jinxie Tenma
82%
Dual Destinies "Yes, well, it's quite an attractive prize in terms of tourism." Damian Tenma
79%
Spirit Of Justice "The love of my life was Amara. But she's gone now and there will never be another." Dhurke Sahdmadhi
77%
Apollo Justice "Say what you will, but Drew's talent was without compare." Spark Brushel
75%
Dual Destinies "The Earth emblem is only on the side that you can see when held in the right hand." The Phantom
75%
Spirit Of Justice "At 2 PM, during the Rite of Channeling, I slipped into the tomb and slew the minister." Amara Sigatar Khura’in
72%
Spirit Of Justice “Oh, you'll never figure it out. I always perform it perfectly!" Bonny De Famme
69%
Dual Destinies "I'm taking the stand tomorrow. Tell me everything you know for Juniper's sake." Myriam Scuttlebutt
57%
Spirit Of Justice "All I know is Dr. Buff was somewhere on Mt. Mitama." Pearl Fey
57%
No matching quizzes found
Score Distribution
Percent of People with Each Score
Percentile by Number Answered
Your Score History
You have not taken this quiz